000 01109cam a22002771i 4500
003 SA-RiAUC
005 20241223072243.0
008 241220s2012 su g 000 0 ara c
040 _aSA-JeALM
_bara
_cSA-RiAUC
_erda
082 0 4 _a224.1
_qSA-RiAUC
090 _a224.1
_bا ز د
100 0 _aمقاتل بن سليمان بن بشير الأزدي،
_dتوفي 150 هجري
_eمؤلف.
245 1 2 _aالوجوه والنظائر في القرآن العظيم /
_cمقاتل بن سليمان ؛ تحقيق حاتم صالح الضامن.
250 _aالطبعة الأولى.
264 1 _aالرياض :
_bمكتبة الرشد ناشرون،
_c2011
300 _aصفحة
336 _aنص
_btxt
_2rdacontent
_3كتاب
337 _aبدون وسيط
_bn
_2rdamedia
338 _aمجلد
_bnc
_2rdacarrier
630 2 7 _aالقرآن
_xألفاظ
_2aucut
630 2 7 _aالقرآن
_xالمحكم والمتشابه
_2aucut
700 1 _aالضامن، حاتم صالح،
_d1938-2013
_eمحقق.
730 2 2 _aالقرآن
942 _2ddc
_cBOOK
_n0
949 _aSA-JeALM
_d241220
_umohamedma123
_n1
999 _c3801
_d3801